000 00825nam a22002651 4500
001 105920
003 ES-MaACL
005 20230906184018.0
007 t|
008 060912s1969 sp ||||0| spa d
016 7 _zIND9700807345
040 _aM-BN
_bspa
_cCDM
080 _a308(468.1)"18/19"
100 1 _aSánchez Jiménez, José.
_9102713
245 1 3 _aEl movimiento obrero y sus orígenes en Andalucía /
_cJosé Sánchez Jiménez.
250 _a2ª ed.
260 _aMadrid :
_bZYX,
_c1969.
300 _a93 p. ;
_c17 cm.
490 1 _aLee y discute. Serie roja ;
_v19
500 _aBiblioteca Juan Andrade.
651 4 _aAndalucía-
_xSituación económica-
_yS.XIX.
_9167713
830 0 _aLee y discute. Serie roja ;
_v19
_9182113
852 _aES-MaACL
_jAND-942
_bR.110230
999 _c105920
_d105920